000 00706nam a22001695i 4500
001 161739
003 ES-MaACL
005 20230906212341.0
008 041025s1893 uy |||| | spa d
040 _aCAM
_bspa
_cCAM
100 1 _aPereira, Antonio N.
_9130999
245 1 0 _aCosas de antaño
_b: bocetos, perfiles y tradiciones interesantes y populares de Montevideo /
_cpor Antonio N. Pereira.
260 _aMontevideo :
_b[s.n.],
_c1893 (
_fImprenta "El siglo ilustrado" de Turenne, Varzi y cª)
300 _a332 p. ;
_c23 cm.
651 4 _aMontevideo (Uruguay)-
_xUsos y costumbres.
_9137262
852 _aES-MaACL
_jF-12039
_z-- Enc. pasta española
_z-- Dedicatoria ms. del autor al Ateneo de Madrid
999 _c161739
_d161739